| 000 | 00740nam a22002177a 4500 | ||
|---|---|---|---|
| 999 |
_c12646 _d12646 |
||
| 003 | AR-CdUCM | ||
| 008 | 190409b ||||| |||| 00| 0 spa d | ||
| 020 | _a978-607-16-4247-9 | ||
| 040 |
_aMUNICIPALIDAD PROVINCIAL DEL CUSCO _cBIBLIOTECA MUNICIPAL DEL CUSCO |
||
| 082 |
_aEP / 808.06 / _bC79 |
||
| 100 |
_aCórdova, Adolfo _930590 |
||
| 245 |
_aEl dragón blanco : _bY otros personajes olvidados / |
||
| 260 |
_aMéxico : _bFondo de cultura económica, _c2016. |
||
| 300 |
_a121 páginas _c25 cm. |
||
| 500 | _aCon el apoyo de: Secretaria de cultura y Crecer en Grande, Campeche. | ||
| 650 |
_aCuentos _9217 |
||
| 650 |
_aLiteratura infantil _9588 |
||
| 700 |
_aBlanco, Riki _930591 |
||
| 942 |
_2ddc _cLIBROS |
||
| 945 |
_arum _d2019-04-09 |
||